<?xml version="1.0" encoding="UTF-8"?>
<resp>
  <nextPage>https://data.bn.org.pl/api/networks/bibs.marcxml?marc=001+b0000005586399&amp;sinceId=5586400</nextPage>
  <collection>
    <record xmlns='http://www.loc.gov/MARC21/slim'><leader>02900nam a2200637 i 4500</leader><controlfield tag='001'>b0000005586399</controlfield><controlfield tag='005'>20260411092357.7</controlfield><controlfield tag='008'>170601s1798    pl           |000 0 lat  </controlfield><controlfield tag='009'>9910439614105606</controlfield><datafield ind1=' ' ind2=' ' tag='026'><subfield code='a'>x.el 6.s-</subfield><subfield code='b'>1.m. seSa (3)</subfield><subfield code='c'>1798 (Q)</subfield><subfield code='5'>WA N</subfield></datafield><datafield ind1=' ' ind2=' ' tag='035'><subfield code='a'>991010003509705066</subfield></datafield><datafield ind1=' ' ind2=' ' tag='035'><subfield code='a'>(PL-WaBN)b55863991-48omnis_nlop</subfield></datafield><datafield ind1=' ' ind2=' ' tag='035'><subfield code='a'>b55863991</subfield></datafield><datafield ind1=' ' ind2=' ' tag='035'><subfield code='a'>(OCoLC)1042510698</subfield></datafield><datafield ind1=' ' ind2=' ' tag='035'><subfield code='a'>(PL)b0000005586399</subfield></datafield><datafield ind1=' ' ind2=' ' tag='040'><subfield code='a'>WA N</subfield><subfield code='c'>WA N</subfield><subfield code='d'>WA N</subfield></datafield><datafield ind1='0' ind2=' ' tag='045'><subfield code='b'>d1797</subfield></datafield><datafield ind1=' ' ind2=' ' tag='046'><subfield code='k'>1798</subfield></datafield><datafield ind1='1' ind2=' ' tag='100'><subfield code='a'>Caroli, Jerzy</subfield><subfield code='d'>(1739-1825)</subfield><subfield code='e'>Autor</subfield></datafield><datafield ind1='1' ind2='0' tag='245'><subfield code='a'>Consideratio christiana de non minuendo festorum numero cum digressione facta, ad legem ac doctrinam Christi vindicandam, a convitiis impiorum quorundam sciolorum, qui ut ait Sanctus Thaddaeus quaecumque quidem ignorant, blasphemant, quaecumque autem naturaliter norunt, in his corrumpuntur, ex occasione quaestionis in hac materia propositae ad examinandum in decanatu Drohicinensi Anno Domini 1797 31 Julii oblata patrio idiomate celsissimo principi excellentissimo ac reverendissimo domino Onuphrio Cajetano de Słupow Szembek episcopo Plocensi, duci Pultovinsi etc. etc. /</subfield><subfield code='p'>er Theophilum Caroli Scholarum Piarum, collegii et ecclesiae parochialis Drohiciensis rectorem atque ab eodem in latinum sermonem translata.</subfield></datafield><datafield ind1=' ' ind2=' ' tag='260'><subfield code='a'>[Warszawa] :</subfield><subfield code='b'>[drukarz nieznany],</subfield><subfield code='c'>[po 24 I 1798].</subfield></datafield><datafield ind1=' ' ind2=' ' tag='300'><subfield code='a'>32 strony ;</subfield><subfield code='c'>8°.</subfield></datafield><datafield ind1=' ' ind2=' ' tag='336'><subfield code='a'>Tekst</subfield><subfield code='b'>txt</subfield><subfield code='2'>rdacontent</subfield></datafield><datafield ind1=' ' ind2=' ' tag='337'><subfield code='a'>Bez urządzenia pośredniczącego</subfield><subfield code='b'>n</subfield><subfield code='2'>rdamedia</subfield></datafield><datafield ind1=' ' ind2=' ' tag='338'><subfield code='a'>Wolumin</subfield><subfield code='b'>nc</subfield><subfield code='2'>rdacarrier</subfield></datafield><datafield ind1=' ' ind2=' ' tag='380'><subfield code='a'>Książki</subfield></datafield><datafield ind1=' ' ind2=' ' tag='380'><subfield code='a'>Starodruki</subfield></datafield><datafield ind1='1' ind2=' ' tag='388'><subfield code='a'>1701-1800</subfield></datafield><datafield ind1=' ' ind2=' ' tag='500'><subfield code='a'>Aprobata datowana: 24 Januarii 1798.</subfield></datafield><datafield ind1=' ' ind2=' ' tag='500'><subfield code='a'>Miejsce druku za Estr. XV-XVIII.</subfield></datafield><datafield ind1='4' ind2=' ' tag='510'><subfield code='a'>Estr. XV-XVIII,</subfield><subfield code='c'>XIV, 63.</subfield></datafield><datafield ind1='4' ind2=' ' tag='510'><subfield code='a'>NKor.,</subfield><subfield code='c'>V, 73.</subfield></datafield><datafield ind1='1' ind2='7' tag='600'><subfield code='a'>Szembek, Onufry Kajetan</subfield><subfield code='d'>(1743-1809)</subfield><subfield code='2'>DBN</subfield></datafield><datafield ind1=' ' ind2='7' tag='648'><subfield code='a'>1701-1800</subfield><subfield code='2'>DBN</subfield></datafield><datafield ind1=' ' ind2='7' tag='650'><subfield code='a'>Rok liturgiczny</subfield><subfield code='2'>DBN</subfield></datafield><datafield ind1=' ' ind2='7' tag='650'><subfield code='a'>Święta</subfield><subfield code='2'>DBN</subfield></datafield><datafield ind1=' ' ind2='7' tag='655'><subfield code='a'>Opracowanie</subfield><subfield code='2'>DBN</subfield></datafield><datafield ind1=' ' ind2=' ' tag='658'><subfield code='a'>Religia i duchowość</subfield></datafield><datafield ind1=' ' ind2=' ' tag='752'><subfield code='a'>Polska</subfield><subfield code='d'>Warszawa.</subfield></datafield><datafield ind1=' ' ind2=' ' tag='852'><subfield code='8'>22463903840005066</subfield><subfield code='j'>1</subfield><subfield code='h'>SD XVIII.1.6017</subfield><subfield code='b'>BN_PL</subfield><subfield code='p'>777i54452065</subfield><subfield code='c'>bstdr</subfield></datafield><datafield ind1=' ' ind2=' ' tag='852'><subfield code='b'>48OMNIS_NETWORK</subfield><subfield code='8'>9910439614105606</subfield></datafield><datafield ind1=' ' ind2=' ' tag='852'><subfield code='8'>22463903860005066</subfield><subfield code='j'>1</subfield><subfield code='h'>SD W.1.1386</subfield><subfield code='b'>BN_PL</subfield><subfield code='p'>777i54066487</subfield><subfield code='c'>bstdr</subfield></datafield><datafield ind1=' ' ind2=' ' tag='852'><subfield code='b'>48OMNIS_NLOP</subfield><subfield code='8'>991010003509705066</subfield></datafield><datafield ind1=' ' ind2=' ' tag='852'><subfield code='8'>22562625930005066</subfield><subfield code='j'>1</subfield><subfield code='h'>SD XVIII.1.1343</subfield><subfield code='b'>BN_PL</subfield><subfield code='p'>777i54719653</subfield><subfield code='c'>bstdr</subfield></datafield><datafield ind1=' ' ind2=' ' tag='950'><subfield code='u'>https://eu05.alma.exlibrisgroup.com/view/uresolver/48OMNIS_NETWORK/openurl?u.ignore_date_coverage=true&amp;portfolio_pid=53714607640005066&amp;Force_direct=true</subfield><subfield code='z'>Zobacz w Polonie: egzemplarz SD W.1.1386</subfield><subfield code='8'>53714607640005066</subfield></datafield></record>
  </collection>
</resp>
